000 00277 a2200121 4500
001 146200
040 _cEscola São Tomás de Aquino
100 _aBANDEIRA, Pedro
240 1 0 _aA droga do amor
_lpor
245 1 0 _aA droga do amor
697 _a*LITERATURA JUVENIL
942 _cBK
999 _c146200
_d146200